| 000 | 02920nam0a2200433 i 4500 | ||
|---|---|---|---|
| 001 | RU\NLR\BIBL_A\011149011 | ||
| 005 | 20260407140541.0 | ||
| 021 |
_aRU _b2016-39571 _92535 |
||
| 029 | 1 | 0 |
_aRU _b7447-2015 _cГОСТ |
| 035 | _a(NILC)RuMoRGB-008485220 | ||
| 035 | _a(NLR Aleph) 011149011 | ||
| 090 |
_a11661711 _c11661711 |
||
| 100 | _a20160608d2016 k y0rusy50 ca | ||
| 101 | 0 | _arus | |
| 102 | _aRU | ||
| 105 | _ay l 000|y | ||
| 200 | 1 |
_aРыба горячего копчения _eТехнические условия _dHot–smoked fish. Specifications _zeng _eГОСТ 7447-2015 _fразраб. Федер. гос. бюджет. науч. учреждением "Всерос. науч.-исслед. ин-т рыб. хоз-ва и океанографии" (ФГБНУ "ВНИРО"), Федер. гос. бюджет. науч. учреждением "Поляр. науч.-исслед. ин-т мор. рыб. хоз-ва и океанографии им. Н.М. Книповича" (ФГБНУ "ПИНРО") |
|
| 205 | _aИзд. офиц. | ||
| 210 |
_aМосква _cСтандартинформ _d2016 |
||
| 215 |
_aII, 13 с. _d29 |
||
| 225 | 1 |
_aМежгосударственный стандарт _fМежгос. совет по стандартизации, метрологии и сертификации |
|
| 239 |
_aВвед. 01.01.2017 _aвзамен ГОСТ 7447-97 |
||
| 320 | _aБиблиогр.: с. 13 (4 назв.) | ||
| 432 | 0 |
_1001RU\NLR\bibl\725210 _12001#$aРыба горячего копчения. Технические условия _9670093 _cМинск _eИзд. офиц. _nМежгос. совет по стандартизации, метрологии и сертификации _oТехнические условия : ГОСТ 7447-97 _pII, 9 с. _tРыба горячего копчения |
|
| 488 | 0 | _1001RuMoRGB-008008948 | |
| 510 | 1 |
_aHot–smoked fish. Specifications _zeng |
|
| 517 | 1 | _aГОСТ 7447-2015 | |
| 606 | 1 |
_aКопченая рыба _jТехнические условия _91364988 _3RU\NLR\AUTH\66571411 |
|
| 675 | _a664.951.31:006.354 | ||
| 686 |
_a67.120.30 _v2000 _2oks |
||
| 686 | 1 | _aЛ946.3я863 | |
| 712 | 0 | 2 |
_4900 _aВсероссийский НИИ рыбного хозяйства и океанографии _3RU\NLR\AUTH\889989196 _9473903 |
| 712 | 0 | 2 |
_4900 _aПолярный научно-исследовательский и проектный институт морского рыбного хозяйства и океанографии им. Н. М. Книповича _cМурманск _3RU\NLR\AUTH\8810007666 _9512996 |
| 712 | 0 | 2 |
_4725 _aМежгосударственный совет по стандартизации, метрологии и сертификации _3RU\NLR\AUTH\8823529 _9321571 |
| 801 | 0 |
_aRU _bРГБ _c20160513 _gRCR |
|
| 942 | _cBOOK | ||
| 980 | _aNBR | ||